Starnutie populácie Slovenska a jeho gendrový rozmer

Proces starnutia. Starnutie populácie Slovenska v období rokov 1950 - 2001. Feminizácia života v starobe. Staršie obyvateľstvo. Bývanie seniorov. Stratégie a postoje seniorov k starobe. Gendrové rozdiely v starostlivosti o staršie osoby.

Guardado en:
Detalles Bibliográficos
Autor principal: Potančoková, Michaela
Formato: Capítulo de libro
Lenguaje:eslovaco
Materias:
Etiquetas: Agregar Etiqueta
Sin Etiquetas, Sea el primero en etiquetar este registro!

MARC

LEADER 00000naa$a2200000$$$4500
001 0025843
005 20231107113016.9
041 0 |a slo 
044 |a SK 
245 1 0 |a Starnutie populácie Slovenska a jeho gendrový rozmer  |c Michaela Potančoková 
520 |a Proces starnutia. Starnutie populácie Slovenska v období rokov 1950 - 2001. Feminizácia života v starobe. Staršie obyvateľstvo. Bývanie seniorov. Stratégie a postoje seniorov k starobe. Gendrové rozdiely v starostlivosti o staršie osoby. 
610 2 0 |a starnutie populácie 
610 2 0 |a seniori 
610 2 0 |a bývanie 
610 2 0 |a zdravie 
610 2 0 |a ženy 
610 2 0 |a muži 
610 2 0 |a Slovensko 
610 2 0 |a 1950-2001 
100 1 |a Potančoková, Michaela